| 000 | 00828nam a2200253Ia 4500 | ||
|---|---|---|---|
| 003 | GCL | ||
| 008 | 140319s9999 xx 000 0 ara d | ||
| 040 |
_aGCL / _cGCL |
||
| 082 | 0 | 4 |
_a210.92 _bم ع |
| 100 | 1 | _aمحمد سعيد مرسى | |
| 245 | 1 | 0 |
_aعظماء الاسلام / _cمحمد سعيد مرسى |
| 250 | _aالاولى | ||
| 260 |
_aالقاهرة : _bاقرا ، _c2003 |
||
| 300 |
_a504 ؛ _c24 سم |
||
| 650 | 0 | 4 | _aالصحابيات |
| 650 | 0 | 4 | _aبنات النبى(ص) |
| 650 | 0 | 4 | _aالعلماء المسلمون |
| 650 | 0 | 4 | _aالاسلام - تراجم |
| 650 | 0 | 4 | _aامهات المؤمنين |
| 650 | 0 | 4 | _aالصالحات و المجاهدات |
| 650 | 0 | 4 | _aالصحابة - العشرة المبشرين بالجنة |
| 650 | 0 | 4 | _aالقادة و الفاتحون |
| 942 |
_2ddc _cBK |
||
| 999 |
_c6787 _d6787 |
||